000 00724nam a2200253Ia 4500
001 18421
003 GE_BSU
008 181216s||||||||xx |||||||||||||| ||und||
020 _a9780321081391
040 _cGE_BSU
080 _a331.105
100 _aHerr,E.L., Cramer,St.H., Niles, S.G.
245 _aCareer guidance and counseling though the lifespan
245 _bSystematic Approaches
250 _asixth edition
260 _aBoston
260 _bPearson
260 _c2004
300 _a768p.23cm.
653 _aCareer guidance and counseling though the lifespan
653 _aპროფორიენტაცია
653 _aშრომის ორგანიზაცია
942 _cBK
999 _c51435
_d51435